| 000 | 00397nam a22001457a 4500 | ||
|---|---|---|---|
| 020 | _a9780071267823 | ||
| 040 | _cNUST | ||
| 082 | _a005.1 PRE | ||
| 100 |
_aPressman, Roger S. _917958 |
||
| 245 |
_aSoftware Engineering; _bA Practitioner's Approach |
||
| 250 | _a7th ed. | ||
| 260 |
_aSingapore; _bMcGraw-Hill Higher Education, _c2010. |
||
| 650 |
_aSoftware Engineering _92256 |
||
| 942 |
_2ddc _cBK |
||
| 999 |
_c594725 _d594725 |
||